The Cardiac glycosides of Gomphocarpus fruticosus (R.Br.). IV. The nuclear magnetic resonance spectrum of comphoside (Record no. 45745)

MARC details
000 -LEADER
fixed length control field 00424nam a2200133Ia 4500
100 ## - MAIN ENTRY--AUTHOR NAME
Personal name Carman R.M.
245 #4 - TITLE STATEMENT
Title The Cardiac glycosides of Gomphocarpus fruticosus (R.Br.). IV. The nuclear magnetic resonance spectrum of comphoside
260 ## - PUBLICATION, DISTRIBUTION, ETC. (IMPRINT)
Name of publisher American Journal of Chemistry
Year of publication 1964
300 ## - PHYSICAL DESCRIPTION
Number of Pages 573-577
700 ## - ADDED ENTRY--PERSONAL NAME
Personal name 6aCoombe R.G.
700 ## - ADDED ENTRY--PERSONAL NAME
Personal name 6aWatson T.R.
942 ## - ADDED ENTRY ELEMENTS (KOHA)
Koha item type Reprints
Holdings
Withdrawn status Lost status Damaged status Not for loan Home library Current library Date acquired Serial Enumeration / chronology Koha item type
      Reprints RRII Library RRII Library 22/12/2021 Volume 17, Issue 5 Reprints